Destination, Paris! : 1 : curso audio-visual de francés para el primer año del Bachillerato Unificado Polivalente

Gespeichert in:
Bibliographische Detailangaben
Format: Buch
Sprache:Spanisch
Erschienen: [Madrid] : Mangold-Bruño, 1975
Katalog:MANES:  Suchergebnis im Bibliothekskatalog
Schulbuchspezifische Eigenschaften:
Tags: Tag hinzufügen
Keine Tags, Fügen Sie den ersten Tag hinzu!
Hinzugefügt zu:24.07.1990
Geändert in:07.05.2025

MARC

LEADER 00000cam a2200000 i 4500
005 20250507134358.0
008 900725s1975 espao fp 000 0 spa d
020 |a 8426605052 
040 |a uned  |b spa  |c entro-manes 
245 1 0 |a Destination, Paris! :   |b 1 : curso audio-visual de francés para el primer año del Bachillerato Unificado Polivalente 
260 |a [Madrid] :   |b Mangold-Bruño,   |c 1975 
300 |a 272 p. :   |b il. 
546 |a España 
561 |5 es-BUNED  |3 L.T.M. 2575  |a España. Fondo Manes UNED  |k MANES 
690 0 |a LE 
691 0 |a SE 
942 |2 ddc  |c BK 
999 |c 93075  |d 93075 
999 |c manes:93075  |d 93075